| 000 | 01243cam a22003017i 4500 | ||
|---|---|---|---|
| 008 | 160813s2015 caua f b 001 0 eng d | ||
| 010 | _a 2016439343 | ||
| 020 | _a9781430261667 | ||
| 040 |
_aCDX _b eng _c CDX _d YDXCP _d OCLCO _d OCLCF _d OCLCQ _d WSU _d S4S _d DLC _e rda _d DLC |
||
| 050 | 0 | 0 |
_aQA76.585 _b .W375 2015 |
| 082 | 0 | 0 |
_a004.6/782 _2 23 |
| 092 | 0 | 4 |
_a004.6782 _bW312 _221 |
| 099 |
_a04 _a004.6782 W312 |
||
| 100 | 1 |
_aWaschke, Marvin, _eauthor. |
|
| 245 | 1 | 0 |
_aHow clouds hold it together : _bintegrating architecture with cloud deployment / _cMarvin Waschke. |
| 260 |
_a[Berkeley, CA] : _bApress, _c2015. |
||
| 300 |
_axiv, 373 pages : _billustrations ; _c23 cm |
||
| 650 | 0 | _aCloud computing. | |
| 650 | 0 |
_aInformation technology _xManagement. |
|
| 856 | 4 | 1 |
_3Table of contents only _uhttps://www.loc.gov/catdir/enhancements/fy1619/2016439343-t.html |
| 856 | 4 | 2 |
_3Contributor biographical information _uhttps://www.loc.gov/catdir/enhancements/fy1619/2016439343-b.html |
| 856 | 4 | 2 |
_3Publisher description _uhttps://www.loc.gov/catdir/enhancements/fy1619/2016439343-d.html |
| 902 | _a1 | ||
| 905 |
_aEman _eRev. |
||
| 905 |
_aRana _eCat. |
||
| 942 |
_2ddc _cBK |
||
| 999 |
_c146616 _d146616 |
||